书目信息 |
| 题名: |
尼基塔的童年
|
|
| 作者: | 托尔斯泰 , Толстой 著 ;徐式赞 注释 | |
| 分册: | ||
| 出版信息: | 北京 商务印书馆 1979 |
|
| 页数: | 114页 | |
| 开本: | 18cm | |
| 丛书名: | ||
| 单 册: | ||
| 中图分类: | H359.4:I , H359.4 | |
| 科图分类: | ||
| 主题词: | 小说-俄语--课外读物 , 俄语-小说--课外读物 | |
| 电子资源: | ||
| ISBN: | ||
| 000 | 00804nam0 2200289 45 | |
| 001 | 0179001543 | |
| 005 | 20040506154915.4 | |
| 010 | @dCNY0.23 | |
| 091 | @a9017.863 | |
| 100 | @a19950719d1979 em y0chiy0121 ea | |
| 101 | 2 | @arus@achi |
| 102 | @aCN@b110000 | |
| 105 | @ay z 000ay | |
| 106 | @ar | |
| 200 | 10 | @a尼基塔的童年@Ani ji ta de tong nian@f(苏)托尔斯泰(А.Толстой)著@g徐式赞注释 |
| 210 | @a北京@c商务印书馆@d1979 | |
| 215 | @a114页@d18cm | |
| 300 | @a俄语简易读物 | |
| 606 | @a小说-俄语@x课外读物 | |
| 606 | @a俄语-小说@x课外读物 | |
| 690 | @aH359.4:I@v3 | |
| 690 | @aH359.4 | |
| 701 | 1 | @a托尔斯泰@Atuo er si tai@bА.@4著 |
| 701 | A1 | @aТолстой@bА.@4著 |
| 702 | 0 | @a徐式赞@Axu shi zan@4注释 |
| 801 | 0 | @aCN@bNLC@c20040506 |
| 905 | @f2@b225227-228@dH359.4@e26 | |
| 尼基塔的童年/(苏)托尔斯泰(А.Толстой)著/徐式赞注释.-北京:商务印书馆,1979 |
| 114页;18cm |
| 俄语简易读物 |
| ISBN :CNY0.23 |
| ● |
| 相关链接 |
|
|
|
|
正题名:尼基塔的童年
索取号:H359.4/26
 
预约/预借
| 序号 | 登录号 | 条形码 | 馆藏地/架位号 | 状态 | 备注 |
| 1 | 0225227 | 001112263 | 第四借阅区/ [索取号:H359.4/26] | 在馆 | |
| 2 | 0225228 | 001112272 | 第四借阅区/ [索取号:H359.4/26] | 在馆 |